Návrh automatizačných prostriedkov v paletizačnom pracovisku s priemyselným robotom IRB-120

Uložené v:
Podrobná bibliografia
Hlavný autor: Baumgartner, Matej, 1988- (Autor)
Ďalší autori: Ružarovský, Roman, 1979- (Vedúci práce)
Médium: Rukopis Kniha
Jazyk:Slovak
Vydavateľské údaje: Trnava : STU v Bratislave MTF UVSM, 2012
Predmet:
On-line prístup:VAIS
Tagy: Pridať tag
Žiadne tagy, Buďte prvý, kto otaguje tento záznam!

MARC

LEADER 00000ntm a22000003a 4500
001 stu248717
005 20160719160615.7
008 120620s2012----xo------------------slo-d
040 |a STU  |b slo 
041 0 |a slo 
044 |a xo 
100 1 |a Baumgartner, Matej,  |d 1988-  |4 aut  |X 48619  |7 A000048619 
242 0 0 |a Design of the automatic equipment for the palletizing workplace with the industrial robot IRB-120  |y eng 
245 1 |a Návrh automatizačných prostriedkov v paletizačnom pracovisku s priemyselným robotom IRB-120 
260 |a Trnava :  |b STU v Bratislave MTF UVSM,  |c 2012 
300 |a 91s  |c CD ROM 
650 7 |a výrobné zariadenia a systémy  |2 stusub 
650 7 |a Production Devices and Systems  |2 estusub 
650 7 |a robotics  |2 estusub 
650 7 |a automation  |2 estusub 
650 7 |a paletizácia  |2 stusub 
650 7 |a automatizácia  |2 stusub 
700 1 |a Ružarovský, Roman,  |d 1979-  |4 ths  |u M2000  |U MTF Materiálovotechnologická fakulta  |T MTF Ústav výrobných systémov a aplikovanej mechaniky  |X 30883  |U M2000  |Y 82  |7 A000030883 
856 4 |a info a plný text  |u http://is.stuba.sk/zp/portal_zp.pl?podrobnosti=80967  |3 VAIS 
996 |c M*DP-10686  |l MMSKP  |s P  |a 0  |w stu248717_0001